[Event "ESP-ch Student"]
[Site "Cartagena"]
[Date "2007.05.08"]
[Round "5"]
[White "Alcaraz Soriano, Angela"]
[Black "Catalina Ledesma, Eduardo"]
[Result "1-0"]
[WhiteElo "2007"]
[BlackElo "1973"]
[PlyCount "31"]
[EventDate "2007.05.06"]
[EventType "swiss"]
[EventRounds "9"]
[EventCountry "ESP"]
[SourceTitle "CBM 118 Extra"]
[Source "ChessBase"]
[SourceDate "2007.07.04"]
[SourceVersion "1"]
[SourceVersionDate "2007.07.04"]
[SourceQuality "1"]

1. d4 c5 2. d5 e5 3. c4 d6 4. Nc3 Ne7 5. e4 Ng6 6. Bd3 Be7 7. Nge2 0-0 8. 0-0 f5 9. f4 Qe8 10. fxe5 Nxe5 11. exf5 Qh5 12. Bf4 Nxd3 13. Qxd3 Rxf5 14. Ng3 Qf7 15. Nxf5 Bxf5 16. Qg3 1-0